000 00978nam a2200229Ia 4500
001 15261
003 GE_BSU
008 181216s||||||||xx |||||||||||||| ||und||
040 _cGE_BSU
080 _a821.353.1-32+821.353.1’01
245 _aჩვენი საუნჯე:ქართული მწერლობა ოც ტომად. ტ.1: ძველი მწერლობა
245 _cტომი გამოსაც. მოამზადა სოლ.ყუბანეიშვილმა რედ.კ.კეკელიძე. მხატვ.ლ.გრიგოლია
260 _aთბილისი
260 _bნაკადული
260 _c1960
300 _a620გვ.23სმ.
300 _cლექსიკონი გვ.564-616
300 _eშენიშვნები გვ.551-564
653 _aჩვენი საუნჯე
653 _aძველი მწერლობა
942 _cBK
999 _c48373
_d48373